000 00859nam a2200229 i 4500
001 137533
003 ES-MaACL
005 20250918194238.0
007 t|
008 070214s1948 sp f |||| | spa d
080 _a323.311.121(46)(0:7.041.5)
080 _a75.041"14/19"(084)
100 1 _aSánchez Cantón, Francisco Javier,
_d1891-1971
_9102521
245 1 4 _aLos retratos de los reyes de España /
_cFrancisco Javier Sánchez Cantón ; con la colaboración de José Pita Andrade ; prólogo del duque de Alba.
260 _aBarcelona :
_bOmega,
_c1948.
300 _a414 p., 219 lám. ;
_c30 cm.
651 4 _aEspaña-
_xReyes y soberanos-
_vRetratos.
_9176226
700 1 _aPita Andrade, José.
_992393
700 1 _aAlba, Jacobo Fitz-James Stuart y Falcó,
_cDuque de,
_d1878-1953
_9173467
852 4 _aES-MaACL
_jB-792
999 _c137533
_d137533